History Quiz

Random History or City Quiz

Oldest currently inhabited cities of Europe (Clickable) Quiz Stats

 Plays Quiz not verified by Sporcle

Score 0/10 Timer 05:00
0 Plays Today
% Correct
Athens, Greece
92.1%
Argos, Greece
88.4%
Thebes, Greece
87.5%
Chalcis, Greece
83.7%
Chania, Greece
82.8%
Trikala, Greece
82.6%
Larnaca, Cyprus
72.8%
Kutaisi, Georgia
53.7%
Plovdiv, Bulgaria
45.4%
Lisbon, Portugal
26.8%

You're not logged in!

Compare scores with friends on all Sporcle quizzes.
OR
Log In

You Might Also Like...

Show Comments

Extras

Top Quizzes Today


Score Distribution

Your Account Isn't Verified!

In order to create a playlist on Sporcle, you need to verify the email address you used during registration. Go to your Sporcle Settings to finish the process.

Report this User

Report this user for behavior that violates our Community Guidelines.

Details: